Φορτώνει......

The encylopeadia of mammals -1 /

Λεπτομέρειες βιβλιογραφικής εγγραφής
Κύριος συγγραφέας: MacdonaldDavid
Μορφή: Printed Book
Γλώσσα:English
Έκδοση: England: Andromede Oxford Limited c1986.
Έκδοση:4th ed.
LEADER 00397nam a2200121Ia 4500
008 130611s9999 xx 000 0 eng d
100 |a MacdonaldDavid  
245 |a The encylopeadia of mammals -1 / 
250 |a 4th ed. 
260 |a England:  |b  Andromede Oxford Limited  |c c1986. 
942 |c BK 
999 |c 127223  |d 127223 
952 |0 0  |1 0  |4 0  |7 0  |9 140604  |a ZOO  |b ZOO  |c ST1  |d 2013-06-11  |l 0  |p ZOO4630  |r 2013-06-11  |w 2013-06-11  |y BK